000 00426pab a2200157 454500
008 180718b2008 xxu||||| |||| 00| 0 eng d
100 _aAggarwal, Ashish
245 _aIndigenous institutions for natural resource management: potential and threats
260 _c2008
300 _ap.21-24.
362 _a7 Jun
650 _aResources management
773 _aEconomic and Political Weekly
908 _aN
909 _a78469
999 _c78469
_d78469